Adios, Mr. Chips

Сохранить в:
Библиографические подробности
Главный автор: Hilton, James (Автор)
Формат:
Язык:испанский
Опубликовано: Santiago Andrés Bello 1994
Серии:Gran biblioteca Icarito
Предметы:
Метки: Добавить метку
Нет меток, Требуется 1-ая метка записи!

MARC

LEADER 00000nam a2200000 a 4500
001 UCY2688
003 CL-VaPUC
008 941111e19940000CL |||||||||||||||||spa|d
082 0 4 |a 823  |b HIL  |2 21 
100 |a Hilton, James  |e author  |9 418044 
245 1 0 |a Adios, Mr. Chips 
300 |a 80 p 
942 |c BK 
945 |d 19941111 00:00:00  |a mfernand 
260 |a Santiago  |b Andrés Bello  |c 1994 
650 0 |a Novelas inglesas  |9 265220 
583 |a last modification  |c 19941111 00:00:00  |k Rodrigo Vera 
490 0 |a Gran biblioteca Icarito 
999 |c 231034  |d 231032 
952 |0 0  |1 0  |4 0  |6 823_000000000000000_HIL_1994  |7 0  |8 A  |9 233811  |a BIBEDU  |b BIBEDU  |d 2019-11-15  |i 3036634  |o 823 HIL 1994  |p 3036634  |r 2019-11-15  |w 2019-11-15  |y BK  |k EPE